000 00315nam a22001337a 4500
003 SGT
082 _a617.5
_bA14S
100 _aSOLOMON. LOUIS
245 _aAPLEY AND SOLOMON'S CONCISE SYSTEM OF ORTHOPEDICS
260 _aINDIA
_bCRC PRESS
_c2014
300 _a486
490 _aORTHOPEDICS
942 _2ddc
_cBK
_01
999 _c14773
_d14773